000 00300nam a2200121Ia 4500
008 160114s9999 xx 000 0 und d
020 _a9780756686048
050 _a621
050 _b.H847 2011
245 _aHow Cool Is This? /
260 _aUnited States
_bDK Publishing
_c2011
300 _a80 pages;
999 _c290296
_d290296